[Event "I Festival ASDEC A"]
[Site "Messina ITA"]
[Date "2011.09.03"]
[Round "9"]
[White "Trimarchi, Giuseppe"]
[Black "Tondo, Salvatore"]
[WhiteElo "1923"]
[BlackElo "1920"]
[Result "0-1"]
[PlyCount "112"]
[EventDate "2011.08.28"]

1. e4 c5 2. Nf3 Nc6 3. Nc3 a6 4. d4 cxd4 5. Nxd4 d6 6. Bc4 e6 7. Be3 Nge7 8.
Bb3 Nxd4 9. Qxd4 Nc6 10. Qd2 Be7 11. Rd1 O-O 12. Bf4 Ne5 13. O-O Qc7 14. Bg3 b5
15. Qd4 Rd8 16. Rfe1 Bb7 17. a4 Nc6 18. Qe3 b4 19. Ne2 Na5 20. Nd4 Nxb3 21.
cxb3 Rd7 22. Rc1 Qd8 23. Nc6 Bxc6 24. Rxc6 Rc7 25. Rec1 Rac8 26. Rxc7 Rxc7 27.
Rc4 Qc8 28. Qd3 Rxc4 29. bxc4 Qc5 30. Bf4 h6 31. b3 a5 32. h3 Qc6 33. Kh2 Qc5
34. Be3 Qc7 35. g3 h5 36. Bd4 h4 37. Qe3 hxg3+ 38. Qxg3 e5 39. Bb2 Qd8 40. f4
Bh4 41. Qg4 Bf6 42. Bc1 Qb6 43. Qe2 exf4 44. Bxf4 Qd4 45. Qe3 Qb2+ 46. Kg3 Bc3
47. Bxd6 Qxb3 48. Qf3 Qxc4 49. e5 b3 50. Qa8+ Kh7 51. Qb7 b2 52. Kg2 Qe2+ 53.
Kg3 Qe1+ 54. Kg4 b1=Q 55. Qxf7 Qbe4+ 56. Kh5 Q1h4# 0-1